000 00490nam a2200169Ia 4500
003 IN-BaIIA
008 211028s9999 xx 000 0 eng d
040 _cIIA Library
080 _a910.4
_bLAU
100 _aLaursen, Viggo
_946
245 0 _aAnne polaire internationale 1932-33
_bobservations faites a thule
_cViggo Laursen
260 _a Copenhagen
_bI Kommission Hos G E G Gad
_c1943
300 _axxix, 53p.
650 _aGeomagnetism
_947
650 _aGreenland- Qaanaaq
_948
942 _cBK
999 _c61
_d61